LEADER 01104nam2-22002891i-450- 001 990005393110403321 005 20060623131722.0 035 $a000539311 035 $aFED01000539311 035 $a(Aleph)000539311FED01 035 $a000539311 100 $a19990604d1980----km-y0itay50------ba 101 0 $aita 105 $ay-------001yy 200 1 $aSocieta civile e societa politica negli anni della Costituente$fa cura di Giuseppe Rossini 210 $aRoma$cCinque Lune$dc.1980 215 $aP. 969-1219$d18 cm 461 0$1001000539305$12001$aDEMOCRAZIA Cristiana e Costituente nella societa del dopoguerra$eBilancio storiografico e prospettive di ricerca, Atti del Convegno di Studio tenuto a Milano il 26-28 gennaio 1979$fa cura di Giuseppe Rossini 676 $a324.245082$v21$zita 702 1$aRossini,$bGiuseppe 801 0$aIT$bUNINA$gRICA$2UNIMARC 901 $aBK 912 $a990005393110403321 952 $a324.245 CONV MILANO 1979 (3)$bST. REL. 1551 c$fFLFBC 959 $aFLFBC 996 $aSocieta civile e societa politica negli anni della Costituente$9595147 997 $aUNINA LEADER 01160nam a2200313 i 4500 001 991000282059707536 008 040203s2004 ne be 001 0 eng d 020 $a0444503552 035 $ab12594313-39ule_inst 040 $aDip.to Matematica$beng 082 0 $a514.322 084 $aAMS 54-XX 084 $aAMS 54-00 084 $aLC QA611.E53 245 00$aEncyclopedia of general topology /$cedited by Klaas Pieter Hart, Jun-iti Nagata, and Jerry E. Vaughan ; associate editors, Vitaly V. Fedorchuk ... [et al.] 250 $a1st ed. 260 $aAmsterdam :$bElsevier/North-Holland,$c2004 300 $ax, 526 ;$c29 cm 504 $aIncludes bibliographical references and index 650 0$aTopology$xEncyclopedias 700 1 $aHart, Klaas Pieter 700 1 $aNagata, Jun-iti 700 1 $aVaughan, Jerry E. 907 $a.b12594313$b21-09-06$c03-02-04 912 $a991000282059707536 945 $aLE013 54-XX HAR11 (2004)$g1$i2013000144184$lle013$op$pE150.80$q-$rl$s- $t0$u1$v20$w1$x0$y.i13112570$z20-02-04 996 $aEncyclopedia of general topology$9277868 997 $aUNISALENTO 998 $ale013$b03-02-04$cm$da $e-$feng$gne $h0$i1 LEADER 04195nam 2201033Ia 450 001 9910782160703321 005 20210527024712.0 010 $a1-281-38550-6 010 $a9786611385507 010 $a0-520-93400-8 024 7 $a10.1525/9780520934009 035 $a(CKB)1000000000535152 035 $a(EBL)345570 035 $a(OCoLC)476162481 035 $a(SSID)ssj0000243481 035 $a(PQKBManifestationID)11173515 035 $a(PQKBTitleCode)TC0000243481 035 $a(PQKBWorkID)10159621 035 $a(PQKB)11106858 035 $a(StDuBDS)EDZ0000055905 035 $a(OCoLC)290580029 035 $a(MdBmJHUP)muse31031 035 $a(DE-B1597)519005 035 $a(DE-B1597)9780520934009 035 $a(Au-PeEL)EBL345570 035 $a(CaPaEBR)ebr10229965 035 $a(CaONFJC)MIL138550 035 $a(MiAaPQ)EBC345570 035 $a(EXLCZ)991000000000535152 100 $a20070130d2008 uy 0 101 0 $aeng 135 $aurun#---|u||u 181 $ctxt 182 $cc 183 $acr 200 14$aThe seer in ancient Greece$b[electronic resource] /$fMichael Attyah Flower 210 $aBerkeley $cUniversity of California Press$d2008 215 $a1 online resource (327 p.) 225 1 $aThe Joan Palevsky imprint in classical literature 300 $aDescription based upon print version of record. 311 0 $a0-520-25993-9 311 0 $a0-520-25229-2 320 $aIncludes bibliographical references and index. 327 $tFront matter --$tContents --$tList Of Illustrations --$tAcknowledgments --$tPreface --$tList Of Abbreviations --$t1. Problems, Methods, And Sources --$t2. Who Is A Seer? --$t3. The Role And Image Of The Seer --$t4. Divination As A System Of Knowledge And Belief --$t5. Disbelief And Skepticism About Seers: Is The Best Seer The One Who Guesses Well? --$t6. A Dangerous Profession: The Seer In Warfare --$t7. The Art Of The Consultation --$t8. Not Just A Man's Profession: The Female Seer --$t9. Conclusion --$tBibliography --$tIndex --$tIndex Locorum 330 $aThe seer (mantis), an expert in the art of divination, operated in ancient Greek society through a combination of charismatic inspiration and diverse skills ranging from examining the livers of sacrificed animals to spirit possession. Unlike the palm readers and mediums who exist on the fringe of modern society, many seers were highly paid, well respected, educated members of the elite who played an essential role in the conduct of daily life, political decisions, and military campaigns. Armies, for example, never went anywhere without one. This engaging book, the only comprehensive study of this fascinating figure, enters into the socioreligious world of ancient Greece to explore what seers did, why they were so widely employed, and how their craft served as a viable and useful social practice. 410 0$aJoan Palevsky imprint in classical literature. 606 $aDivination$zGreece 606 $aOracles, Greek 606 $aProphets$zGreece 607 $aGreece$xReligious life and customs 610 $aadvice. 610 $aancient greece. 610 $acharisma. 610 $acultural history. 610 $acultural studies. 610 $adivination. 610 $aelite. 610 $agreek history. 610 $agreek society. 610 $amagic. 610 $amagical. 610 $amediums. 610 $amilitary. 610 $apalm readers. 610 $apolitical. 610 $apolitics. 610 $apossession. 610 $asacrifice. 610 $asacrificial animals. 610 $aseer. 610 $asocial class. 610 $asocial history. 610 $asocial status. 610 $asocial studies. 610 $aspiritual. 610 $aspirituality. 610 $awisdom. 615 0$aDivination 615 0$aOracles, Greek. 615 0$aProphets 676 $a133.30938 700 $aFlower$b Michael A$0158126 801 0$bMiAaPQ 801 1$bMiAaPQ 801 2$bMiAaPQ 906 $aBOOK 912 $a9910782160703321 996 $aSeer in ancient Greece$91125798 997 $aUNINA